000
00255nam a2200109Ia 4500
008
220204s9999 xx 000 0 und d
082
_a
678.061(083.74)
_b
ANG
245
0
_a
Latex test methods
260
_a
Malaya
_b
RRIM
650
_a
Latex test
942
_c
BK
999
_c
22732
_d
22732